Statistics for 50 most popular verbs and their second forms

Click here to take the quiz!

General Stats

  • This quiz has been taken 26 times
  • The average score is 50 of 50

Answer Stats

InfinitivePast Tense% Correct
becomebecame
100%
buybought
100%
breakbroke
100%
comecame
100%
choosechose
100%
dodid
100%
drinkdrank
100%
drivedrove
100%
fallfell
100%
feelfelt
100%
forgiveforgave
100%
forgetforgot
100%
findfound
100%
givegave
100%
getgot
100%
havehad
100%
hearheard
100%
holdheld
100%
hidehid
100%
keepkept
100%
knowknew
100%
leaveleft
100%
makemade
100%
meetmet
100%
readread
100%
saysaid
100%
singsang
100%
seesaw
100%
sleepslept
100%
speakspoke
100%
swimswam
100%
thinkthought
100%
telltold
100%
taketook
100%
understandunderstood
100%
bewas
100%
gowent
100%
wakewoke
100%
winwon
100%
writewrote
100%
costcost
96%
learnlearnt
96%
putput
96%
sendsent
96%
showshowed
96%
spendspent
96%
standstood
96%
teachtaught
96%
riderode
92%
bewere
92%

Score Distribution

Percentile by Number Answered

Percent of People with Each Score

Your Score History

You have not taken this quiz